000 00394nam a2200133Ia 4500
005 20260328104324.0
008 260328s9999||||xx |||||||||||||| ||und||
100 _aBrooks Pfeiffer, Bruce
245 0 _aFrank Lloyd Wright (1867-1959) :
_b Construir para la democracia /
_cBruce Brooks Pfeiffer
260 _bTaschen
300 _a96 p.
650 _aFRAN LLOYD WRIGHT ( 1867-1959)
942 _cBK
999 _c11452
_d11452